000 00320nam a2200133Ia 4500
008 240624s9999 xx 000 0 und d
041 _aeng
082 _a823 MAD
100 _aMADHAVAN MEENAKSHI REDDY
245 _aCOLD FEET
260 _c2012
_aNew Delhi
_bPenguin Books India
300 _a248 : p.
365 _cRS
_b25
999 _c21734
_d21734